Немецкий язык как второй иностранный: учебное пособие
| Körperschaft: | |
|---|---|
| Weitere Verfasser: | |
| Zusammenfassung: | Заглавие с титульного экрана Электронная версия печатной публикации Текст на немецком языке. Пособие направлено на реализацию основной цели - формирование и развитие уровня иноязычной профессионально ориентированной коммуникативной компетенции, позволяющей студента использовать немецкий язык как средство профессиональной межкультурной коммуникации. Предназначено для студентов очной формы обучения всех неязыковых направлений подготовки, изучающих второй иностранный язык - немецкий. Режим доступа: из корпоративной сети ТПУ |
| Sprache: | Russisch Deutsch |
| Veröffentlicht: |
Томск, Изд-во ТПУ, 2015
|
| Schlagworte: | |
| Online-Zugang: | http://www.lib.tpu.ru/fulltext2/m/2015/m221.pdf |
| Format: | MixedMaterials Elektronisch Buch |
| KOHA link: | https://koha.lib.tpu.ru/cgi-bin/koha/opac-detail.pl?biblionumber=297383 |
MARC
| LEADER | 00000nlm0a2200000 4500 | ||
|---|---|---|---|
| 001 | 297383 | ||
| 005 | 20231102001012.0 | ||
| 035 | |a (RuTPU)RU\TPU\book\322516 | ||
| 035 | |a RU\TPU\book\322334 | ||
| 090 | |a 297383 | ||
| 100 | |a 20150608d2015 m y0rusy50 ca | ||
| 101 | 0 | |a rus |a ger | |
| 102 | |a RU | ||
| 105 | |a a j 001zy | ||
| 135 | |a drcn ---uucaa | ||
| 181 | 0 | |a i | |
| 182 | 0 | |a b | |
| 200 | 1 | |a Немецкий язык как второй иностранный |b Электронный ресурс |d Deutsch als zweite Fremdsprache |e учебное пособие |f Национальный исследовательский Томский политехнический университет (ТПУ) ; сост. Л. В. Тарасова | |
| 203 | |a Текст |c электронный | ||
| 210 | |a Томск |c Изд-во ТПУ |d 2015 | ||
| 230 | |a 1 компьютерный файл (pdf; 2.6 MB) | ||
| 300 | |a Заглавие с титульного экрана | ||
| 300 | |a Электронная версия печатной публикации | ||
| 300 | |a Текст на немецком языке. | ||
| 330 | |a Пособие направлено на реализацию основной цели - формирование и развитие уровня иноязычной профессионально ориентированной коммуникативной компетенции, позволяющей студента использовать немецкий язык как средство профессиональной межкультурной коммуникации. Предназначено для студентов очной формы обучения всех неязыковых направлений подготовки, изучающих второй иностранный язык - немецкий. | ||
| 333 | |a Режим доступа: из корпоративной сети ТПУ | ||
| 337 | |a Adobe Reader | ||
| 452 | 1 | |0 (RuTPU)RU\TPU\book\316393 |t Немецкий язык как второй иностранный |o учебное пособие для вузов |f Национальный исследовательский Томский политехнический университет (ТПУ) ; Л. В. Тарасова |c Томск |n Изд-во ТПУ |d 2015 |p 147 с. | |
| 510 | 1 | |a Deutsch als zweite Fremdsprache |z ger | |
| 606 | 1 | |a Немецкий язык |x Учебные руководства и пособия для вузов |2 stltpush |3 (RuTPU)RU\TPU\subj\45394 |9 64636 | |
| 610 | 1 | |a электронный ресурс | |
| 610 | 1 | |a учебные пособия | |
| 610 | 1 | |a труды учёных ТПУ | |
| 610 | 1 | |a немецкий язык | |
| 610 | 1 | |a коммуникативная компетентность | |
| 610 | 1 | |a межкультурные коммуникации | |
| 686 | |a Ш143.24-923 |2 rubbk | ||
| 702 | 1 | |a Тарасова |b Л. В. |c лингвист |c доцент Томского политехнического университет, кандидат педагогических наук |f 1961- |g Лилия Викторовна |2 stltpush |4 220 | |
| 712 | 0 | 2 | |a Национальный исследовательский Томский политехнический университет (ТПУ) |b Институт международного образования и языковой коммуникации (ИМОЯК) |2 stltpush |3 (RuTPU)RU\TPU\col\17810 |
| 801 | 2 | |a RU |b 63413507 |c 20161201 |g RCR | |
| 856 | 4 | |u http://www.lib.tpu.ru/fulltext2/m/2015/m221.pdf | |
| 942 | |c CF | ||